00607 2200193 4500001002100000005001500021035002000036245007800056100001700134250002000151300005800171856003100229700003500260260003800295082001900333084002500352020002200377600001400399INLIS00000000000309020220112082529 a0010-01220002711 aREVOLUSI MENTAL :bMenumbuh-Kembangkan Jiwa Anti Korupsi /cDaru Wijanti0 aDaru Wijanti aCetakan pertama aiv + 250 hal. :bTdk ada ilus ;c14 x 21 cmemonograf aPerpustakaan umum makassar0 aPemeriksa Aksara : Nur Iswarso aYokyakarta :bIndoliterasi,c2016 a364.132.REVO.r a364.132.REVO.r DAR r a978-302-0869-58-2 4aManajemen